Reverse Dictionary #45 - Statistics

General Stats
  • This quiz has been taken 36 times
  • The average score is 17 of 25
Answer Stats
Definition First
Letter
Word % Correct
A smooth surface, usually made of glass with reflective material painted on the underside, that reflects light so as to give an image of what is in front of it. M Mirror
100%
A male attendant who serves customers at their tables in a restaurant, café or similar. W Waiter
100%
The time ahead; those moments yet to be experienced. F Future
97%
A structure built by a bird as a place to incubate eggs and rear young. N Nest
97%
Someone connected by blood, marriage, or adoption; someone in the same family. R Relative
97%
Free from or lacking moisture. D Dry
94%
To place something somewhere. P Put
94%
(aviation, military) A military aircraft designed to carry and drop explosive devices. B Bomber
91%
An amount obtained by the addition of smaller amounts. T Total
91%
The portion of Eurasia west of the Urals, traditionally considered a continent in its own right, located north of Africa, west of Asia and east of the Atlantic Ocean. E Europe
88%
A chronometer, an instrument that measures time, particularly the time of day. C Clock
84%
To twist or form (the hair, etc.) into ringlets. C Curl
81%
Of, relating to, supporting, or advocating a far-left political ideology or philosophy advocating holding the production of resources collectively, especially by seizing it through revolution. C Communist
72%
Chronologically first, early; of or pertaining to the beginning, cause or origin. I Initial
72%
A person who owns partitioned and measurable real estate. L Landowner
69%
Something that one uses to achieve an objective, e.g. raw materials or personnel. R Resource
66%
To appear; to look outwardly; to be perceived as. S Seem
66%
A mammal, Capra aegagrus hircus, and similar species of the genus Capra. G Goat
63%
(of a performance or speech) In person. L Live
50%
Not suitable for the situation, time, or place. I Inappropriate
47%
A distressing or dangerous situation. T Trouble
34%
A formalized choice on legally relevant measures such as employment or appointment to office or a proceeding about a legal dispute. V Vote
34%
Ruling; governing; prevailing. D Dominant
31%
The state of being persistent in urging or maintaining (something). I Insistence
13%
The act of failing to meet a financial obligation. N Nonremittal
3%
No matching quizzes found
Score Distribution
Percent of People with Each Score
Percentile by Number Answered
Your Score History
You have not taken this quiz